اكتمل التصدير — 

Maison Harawi

محفوظ في:

المؤلف الرئيسي: Chafik Chamass

مؤلفون آخرون: Bernard Maury

التنسيق: كتاب

اللغة: Undetermined

منشور في: cairo Casa Harawi 1993

الوسوم: إضافة وسم

لا توجد وسوم, كن أول من يضع وسما على هذه التسجيلة!

رقم الطلب: (L) NA6083 M21

LEADER 00453nam a2200145Ia 4500
008 221124s9999||||xx |||||||||||||| ||und||
050 4 |a (L) NA6083 M21 
100 1 |a Chafik Chamass 
245 1 0 |a Maison Harawi  
264 1 |a cairo  |b Casa Harawi  |c 1993 
300 |a 153.p  |c 30cm 
700 1 |a Bernard Maury  
942 |2 lcc  |c BK 
952 |0 0  |1 0  |2 lcc  |4 0  |7 1  |9 44001  |a ARCE  |b ARCE  |d 2022-11-24  |l 0  |o (L) NA6083 M21  |p 1025567  |r 2022-11-24 00:00:00  |w 2022-11-24  |y BK 
999 |c 50458  |d 50458